000 00330nam a2200133Ia 4500
008 230613s9999||||xx |||||||||||||| ||und||
020 _a8176354988
082 _a005.133
_bZ632
100 _aZhang, Tony
245 0 _aTeach yourself C in 24 hours
260 _aNew Delhi
_bTechmedia
_c2000
300 _axvi, 527 p.
942 _cBK
999 _c26808
_d26808